Sansis of Punjab: a gypsy and de-notified tribe of Rajput origin (Record no. 422911)

000 -LEADER
fixed length control field 00387cam a22001217a 4500
008 - FIXED-LENGTH DATA ELEMENTS--GENERAL INFORMATION
fixed length control field 180718b1965 xxu||||| |||| 00| 0 eng d
082 ## - DEWEY DECIMAL CLASSIFICATION NUMBER
Classification number BA27x5433 Sh51
100 ## - MAIN ENTRY--PERSONAL NAME
Personal name Sher, Sher Singh
245 ## - TITLE STATEMENT
Title Sansis of Punjab: a gypsy and de-notified tribe of Rajput origin
Statement of responsibility, etc. by Sher Singh Sher
260 ## - PUBLICATION, DISTRIBUTION, ETC.
Place of publication, distribution, etc. Delhi
Name of publisher, distributor, etc. Munshiram Manoharlal
Date of publication, distribution, etc. 1965
300 ## - PHYSICAL DESCRIPTION
Extent xix, 367p
650 ## - SUBJECT ADDED ENTRY--TOPICAL TERM
Topical term or geographic name entry element Sansi (Indic people)
Holdings
Withdrawn status Lost status Damaged status Not for loan Permanent Location Current Location Date acquired Full call number Barcode Date last seen Price effective from Koha item type
        Indian Institute of Public Administration Indian Institute of Public Administration 2009-08-28 BA27x5433 Sh51 39033 2018-07-21 2018-07-21 Book

Powered by Koha